The Church of the Book / (Record no. 5412)

MARC details
000 -LEADER
fixed length control field 00441nam a22001697a 4500
003 - CONTROL NUMBER IDENTIFIER
control field GBCCL
005 - DATE AND TIME OF LATEST TRANSACTION
control field 20241126110541.0
008 - FIXED-LENGTH DATA ELEMENTS--GENERAL INFORMATION
fixed length control field 180316b ||||| |||| 00| 0 eng d
040 ## - CATALOGING SOURCE
Transcribing agency gbc
082 ## - DEWEY DECIMAL CLASSIFICATION NUMBER
Classification number 262.2
Item number HAR
100 ## - MAIN ENTRY--PERSONAL NAME
Personal name Harlow, R. E.
9 (RLIN) 7390
245 ## - TITLE STATEMENT
Title The Church of the Book /
Statement of responsibility, etc. R. E. Harlow
260 ## - PUBLICATION, DISTRIBUTION, ETC.
Place of publication, distribution, etc. Canada:
Name of publisher, distributor, etc. Christian Publications Registered,
Date of publication, distribution, etc. 1968
300 ## - PHYSICAL DESCRIPTION
Extent 133 p.;
Dimensions 22 cm.
650 ## - SUBJECT ADDED ENTRY--TOPICAL TERM
Topical term or geographic name entry element Church
9 (RLIN) 263
942 ## - ADDED ENTRY ELEMENTS (KOHA)
Source of classification or shelving scheme Dewey Decimal Classification
Koha item type Books
Holdings
Withdrawn status Lost status Source of classification or shelving scheme Damaged status Not for loan Home library Current Library Shelving location Date acquired Total checkouts Full call number Barcode Date last seen Copy number Price effective from Koha item type
    Dewey Decimal Classification     GRACE BIBLE COLLEGE GRACE BIBLE COLLEGE Ministry & Mission 2018-03-16   262.2 HAR 002002 2025-05-01 c.1 2018-03-16 Books
© Grace Bible College Library 2025